| 000 | 00531nam a2200145Ia 4500 | ||
|---|---|---|---|
| 008 | 151213s9999 xx 000 0 und d | ||
| 100 | _aযবুদ্ধদেব বসু জন্মশতবর্ষ | ||
| 245 |
_aউত্তরাধীকার _cযবুদ্ধদেব বসু জন্মশতবর্ষ |
||
| 260 |
_aDhaka _bBangla Academy _c2008 |
||
| 300 | _a7169 p. | ||
| 650 | _aBangla | ||
| 650 | _aBangla | ||
| 700 | _aযবুদ্ধদেব বসু জন্মশতবর্ষ | ||
| 999 |
_c3809 _d3809 |
||